000 00428nam a2200181Ia 4500
005 20240823012122.0
008 240823s9999||||xx |||||||||||||| ||und||
041 _aENGLISH
082 _A621.8 P2
100 _aSadhu Singh
245 0 _aTheory of Machines
250 _a1st
260 _c2002
_b"Pearson,Singapore"
500 _aTRANSFERED
650 _aMechanics
_bAerospace Engineering
942 _cBK
999 _c163486
_d163486